[Event "Nabereznye Chelny op 8th"]
[Site "Nabereznye Chelny"]
[Date "2010.01.25"]
[Round "7"]
[White "Nurdinov, Samat"]
[Black "Ashiev, Eduard"]
[Result "0-1"]
[WhiteElo "1990"]
[BlackElo "2277"]
[PlyCount "84"]
[EventDate "2010.01.19"]
[EventType "swiss"]
[EventRounds "9"]
[EventCountry "RUS"]
[SourceTitle "CBM 134 Extra"]
[Source "ChessBase"]
[SourceDate "2010.03.03"]
[SourceVersion "1"]
[SourceVersionDate "2010.03.03"]
[SourceQuality "1"]

1. e4 e5 2. Nf3 Nc6 3. Bc4 Bc5 4. d3 Nf6 5. Bg5 h6 6. Bh4 g5 7. Nxg5 hxg5 8. Bxg5 Be7 9. Nc3 d6 10. Qd2 Nd4 11. 0-0-0 Be6 12. Bxe6 Nxe6 13. h4 Qd7 14. Bxf6 Bxf6 15. Nd5 Bg7 16. g4 0-0-0 17. g5 c6 18. Ne3 Nf4 19. Nf5 Nh5 20. Rdg1 Qe6 21. Kb1 Kb8 22. Rg4 Rdg8 23. Rhg1 Bf8 24. f3 Be7 25. d4 Nf4 26. c4 Rd8 27. d5 cxd5 28. cxd5 Qd7 29. Rh1 Rc8 30. Nh6 Bd8 31. Rxf4 exf4 32. Qxf4 Rh7 33. Nf5 Qc7 34. Qxd6 Bxg5 35. Qxc7+ Kxc7 36. d6+ Kd7 37. e5 Rch8 38. Rg1 Bxh4 39. Rc1 Bd8 40. Ne7 Rh1 41. Nd5 Rxc1+ 42. Kxc1 Ke6 0-1

[Event "Nabereznye Chelny op 8th"]
[Site "Nabereznye Chelny"]
[Date "2010.01.22"]
[Round "4"]
[White "Salakhov, Ilsur"]
[Black "Nurdinov, Samat"]
[Result "1-0"]
[WhiteElo "2141"]
[BlackElo "1990"]
[PlyCount "99"]
[EventDate "2010.01.19"]
[EventType "swiss"]
[EventRounds "9"]
[EventCountry "RUS"]
[SourceTitle "CBM 134 Extra"]
[Source "ChessBase"]
[SourceDate "2010.03.03"]
[SourceVersion "1"]
[SourceVersionDate "2010.03.03"]
[SourceQuality "1"]

1. Nf3 d5 2. g3 Nc6 3. d4 Bf5 4. Bg2 e6 5. 0-0 h6 6. Ne5 Nb4 7. Nd3 Nxd3 8. cxd3 Nf6 9. Nc3 c5 10. e4 Bh7 11. exd5 cxd4 12. Qa4+ Qd7 13. Qxd4 Rc8 14. Bxh6 Bc5 15. Qe5 Bxd3 16. Bxg7 Ng4 17. Qg5 Bxf1 18. Bxh8 Bxf2+ 19. Kxf1 Rxc3 20. Qxg4 Rc2 21. Bf3 Bb6 22. Be2 Qxd5 23. Qf3 Qxf3+ 24. Bxf3 Rf2+ 25. Ke1 Rxf3 26. Rd1 Rf5 27. Bc3 Bg1 28. g4 Rf3 29. h4 Rf4 30. Ke2 Rxg4 31. h5 e5 32. h6 Bd4 33. Rh1 Rg8 34. Bxd4 exd4 35. Kd3 Ke7 36. Kxd4 Kf6 37. Kd5 Rh8 38. Kd6 Kg5 39. h7 Kg6 40. Ke7 f5 41. Rg1+ Kh5 42. Kf6 f4 43. Kg7 Re8 44. h8Q+ Rxh8 45. Kxh8 f3 46. Rg7 Kh4 47. Rxb7 a6 48. Rf7 Kg3 49. b4 f2 50. a4 1-0